2014 IEEE Intl Conf on High Performance Computing and Communications, 2014 IEEE 6th Intl Symp on Cyberspace Safety and Security, 2014 IEEE 11th Intl Conf on Embedded Software and Syst (HPCC,CSS,ICESS)

Sonraí bibleagrafaíochta
Formáid: Leictreonach LEABHAR
Teanga:English
Foilsithe / Cruthaithe: IEEE
Ábhair:
Rochtain ar líne:Full text available on IEEE [2017-2023]
Off-campus access
Classic Catalogue: View this record in Classic Catalogue
LEADER 01277cam a2200217 a 4500
001 AALConferenceProceedingsIEEE020755
008 231005c9999 xx r poo 0 0eng d
020 |a 978-1-4799-6123-8 
020 |a 978-1-4799-6124-5 
040 |a BD-DhAAL  |c BD-DhAAL 
245 0 0 |h [electronic resource]  |a 2014 IEEE Intl Conf on High Performance Computing and Communications, 2014 IEEE 6th Intl Symp on Cyberspace Safety and Security, 2014 IEEE 11th Intl Conf on Embedded Software and Syst (HPCC,CSS,ICESS) 
260 |b IEEE 
300 |a 1 online resource 
500 |a <strong>Off-Campus Access:</strong> Athens ID and Password Required 
500 |a <strong>On-Campus Access:</strong> No User ID or Password Required 
506 |a Electronic access restricted to authorized BRAC University faculty, staff and students 
538 |a Mode of access: Internet 
650 4 |a Communication, Networking and Broadcast Technologies; Computing and Processing 
655 7 |a Conference papers and proceedings.  |2 Library of Congress 
856 4 0 |z Full text available on IEEE [2017-2023]  |u https://ieeexplore.ieee.org/servlet/opac?punumber=7056621 
856 4 0 |z Off-campus access  |u https://go.openathens.net/redirector/bracu.ac.bd?url=https%3A%2F%2Fieeexplore.ieee.org%2Fservlet%2Fopac%3Fpunumber%3D7056621